01315nac a22002777a 4500001001000000003000900010005001700019008003400036040005400070072000800124090001900132100002300151110010200174245012700276260003400403300001000437490011100447500011800558650001900676650001500695650001500710909004700725942001700772999001900789952022900808BR7304433BR-BrBNA20240105113523.0230509b bl.|||m| |||| 00| 0 por d aBR-BrBNAbporcBiblioteca Nacional de Agricultura aH10 a0230 BR73044331 aBaltar Filho, A.F.1 aComissao Executiva de Defesa Sanitaria da Lavoura Canavieira de Pernambuco, Recife (Brasil)920871 aCurva populacional durante um ano da cigarrinha da cana de acucar (Mahanarva indicata, distant 1909)em Pernambuco [Brasil]3 aRecife, PE (Brasil): c1968.  a63 p. aPublicacao - Comissao Executiva de Defesa Sanitaria da Lavoura Canavieira de Pernambuco (Brazil)vno. 27x aSummaries (En, Pt). (*) Documento disponível na(o) Instituto do Acucar e do Alcool, Rio de Janeiro, RJ (Brazil) aCANA DE ACUCAR aCIGARRINHA aPERNAMBUCO a202312bLúcia Elandec55dLúcia Elande 2AGRISn0cMS c264205d264205 002AGRIS40728Acervo Gerala41918b41918cAGROBASEl0r2023-12-18yMSzSummaries (En, Pt). (*) Documento disponível na(o) Instituto do Acucar e do Alcool, Rio de Janeiro, RJ (Brazil)ePortaria Interministerial nº 164/94